Проведение оптимизации режима работы электроэнергетической системы; Актуальные проблемы электроэнергетики

Podrobná bibliografie
Parent link:Актуальные проблемы электроэнергетики.— 2021.— [С. 361-366]
Hlavní autor: Малькова Я. Ю. Яна Юрьевна
Další autoři: Уфа Р. А. Руслан Александрович
Shrnutí:Заглавие с экрана
Большая протяженность распределительных сетей (электрическая удаленность нагрузки от централизованного источника питания) определяет увеличение уровня потерь мощности и уменьшение уровней напряжения на шинах нагрузки. Среди мероприятий, проводимых с целью нивелирования данного влияния, выделяют выполнение реконфигурации сети, установку объектов распределенной генерации, в том числе на основе возобновляемых источников энергии, а также устройств компенсации реактивной мощности. В статье приведены варианты решения обозначенной задачи на примере типовой 15-узловой IEEE схемы.
An increase of power losses and a decrease in voltage profile on the load buses since long spread of distribution networks (location of the load from the centralized power source) are determined. Among measures carried out to level this impact, rearrangement of the network, implementation of distributed generation, including those based on renewable energy sources, and also reactive power compensation devices are highlighted. In this article options for solving this problem on the 15-bus IEEE scheme are presented.
Jazyk:ruština
Vydáno: 2021
Témata:
On-line přístup:https://www.elibrary.ru/item.asp?id=47355680
Médium: MixedMaterials Elektronický zdroj Kapitola
KOHA link:https://koha.lib.tpu.ru/cgi-bin/koha/opac-detail.pl?biblionumber=666869

MARC

LEADER 00000naa0a2200000 4500
001 666869
005 20251204071624.0
035 |a (RuTPU)RU\TPU\network\38073 
035 |a RU\TPU\network\37784 
090 |a 666869 
100 |a 20220202d2021 k y0rusy50 ca 
101 0 |a rus 
102 |a RU 
135 |a drgn ---uucaa 
181 0 |a i  
182 0 |a b 
200 1 |a Проведение оптимизации режима работы электроэнергетической системы  |f Я. Ю. Малькова, Р. А. Уфа 
203 |a Текст  |c электронный 
300 |a Заглавие с экрана 
320 |a [Библиогр.: 5 назв.] 
330 |a Большая протяженность распределительных сетей (электрическая удаленность нагрузки от централизованного источника питания) определяет увеличение уровня потерь мощности и уменьшение уровней напряжения на шинах нагрузки. Среди мероприятий, проводимых с целью нивелирования данного влияния, выделяют выполнение реконфигурации сети, установку объектов распределенной генерации, в том числе на основе возобновляемых источников энергии, а также устройств компенсации реактивной мощности. В статье приведены варианты решения обозначенной задачи на примере типовой 15-узловой IEEE схемы. 
330 |a An increase of power losses and a decrease in voltage profile on the load buses since long spread of distribution networks (location of the load from the centralized power source) are determined. Among measures carried out to level this impact, rearrangement of the network, implementation of distributed generation, including those based on renewable energy sources, and also reactive power compensation devices are highlighted. In this article options for solving this problem on the 15-bus IEEE scheme are presented. 
463 |t Актуальные проблемы электроэнергетики  |o материалы VII Всероссийской научно-технической конференции, Нижний Новгород, 17 декабря 2021 г.  |v [С. 361-366]  |d 2021 
610 1 |a электронный ресурс 
610 1 |a труды учёных ТПУ 
610 1 |a оптимизация работы 
610 1 |a режимы работы 
610 1 |a реконфигурация 
610 1 |a распределенная генерация 
610 1 |a возобновляемые источники энергии 
610 1 |a критерии оптимизации 
610 1 |a optimization 
610 1 |a operating mode 
610 1 |a rearrangement 
610 1 |a distributed generation 
610 1 |a renewable energy sources 
610 1 |a indicators of optimization 
700 1 |a Малькова  |b Я. Ю.  |c специалист в области электроэнергетики  |c ассистент кафедры Томского политехнического университета  |f 1996-  |g Яна Юрьевна  |y Томск  |3 (RuTPU)RU\TPU\pers\47178  |9 22758 
701 1 |a Уфа  |b Р. А.  |c специалист в области электроэнергетики  |c доцент Томского политехнического университета, кандидат технических наук  |f 1988-  |g Руслан Александрович  |3 (RuTPU)RU\TPU\pers\30313  |9 14658 
801 1 |a RU  |b 63413507  |c 20141010 
801 2 |a RU  |b 63413507  |c 20220411  |g RCR 
856 4 |u https://www.elibrary.ru/item.asp?id=47355680 
942 |c CF